01199nam a2200301 a 4500001001200000003000800012006001900020007001500039008004100054010001700095020002500112020002700137040002100164035002100185050002500206082001800231100002600249245009400275260003600369300003100405500005900436504005100495533015200546650002700698655002900725710001700754856012600771ebr10542594CaPaEBRm u cr cn|||||||||111222s2012 njuac sb 001 0 eng d z 2011050887 z9781118173275 (pbk.) z9781118226803 (e-book) aCaPaEBRcCaPaEBR a(OCoLC)76928963714aHD30.29b.M34 2012eb04a658.4/0362231 aMcGoff, Chris,d1957-14aThe primesh[electronic resource] :bhow any group can solve any problem /cChris McGoff. aHoboken, N.J. :bWiley,cc2012. axxx, 241 p. :bill., port. aOn cover: "46 universal patterns of high performance." aIncludes bibliographical references and index. aElectronic reproduction.bPalo Alto, Calif. :cebrary,d2011.nAvailable via World Wide Web.nAccess may be limited to ebrary affiliated libraries. 0aGroup problem solving. 7aElectronic books.2local2 aebrary, Inc.40uhttp://site.ebrary.com/lib/rucke/Doc?id=10542594zAn electronic book accessible through the World Wide Web; click to view